000 00769nam a2200277Ia 4500
001 Para_6556
003 CHAP
008 220125s1983 xx 000 0 und d
010 _a205433
040 _cCHAP
082 _aPA 632.95 G46
100 _aGeorghioo, Geroge P.
_9171457
245 _aPest resitance to pesticides /
_c edited by George P. Georghioo and tetsuo Saito
260 _aNew York :
_b Plenum Press
300 _a809 p.
650 _aPesticidas
_987536
650 _aPlagas
_x Resistencia a plaguicidas
_9171458
700 _aSaito, Tetsuo
_9101229
901 _aPA 632.95 G46
902 _aA
905 _a0000001983 0000000000 00
910 _a1983
942 _cPARA
942 _cPARA
_d1
999 _c205433
_d205433